| 000 | 00706nam a22002297a 4500 | ||
|---|---|---|---|
| 001 | 31771 | ||
| 003 | UA-OsUOA | ||
| 005 | 20210917231212.0 | ||
| 007 | ta | ||
| 008 | 20050112b un ||||| |||| 00| 0 ukr d | ||
| 040 |
_aUA-OsUOA _brus _cUA-OsUOA _dUA-OsUOA |
||
| 041 | _arus | ||
| 044 | _aRU | ||
| 080 | _a94(4)"1917/1945" | ||
| 090 |
_a94(4)"1917/1945" _bК53 |
||
| 245 |
_aКнига для чтения по новейшей истории. 1917-1945 гг. _bдля учащихся старших классов _cред. Н. Н. Яковлев |
||
| 260 |
_aМосква _bПросвещение _c1976 |
||
| 300 |
_a318 с. _bІлюстрації |
||
| 650 | 7 | _2UDC | |
| 942 |
_cBK _2udc |
||
| 955 | _a0 | ||
| 999 |
_c318201 _d318201 |
||